000 01130nam a22002537a 4500
005 20170124103125.0
010 _aA-969054
020 _c150.00
035 _aA-969054
037 _bCen Lib/Ret
040 _aDPL
_bHN
082 _a305.562
_bरघुवी
100 _aरघुवीर सिंह
_982898
245 _aडॉ.अम्बेडकर और दलित चेतना /
_cरघुवीर सिंह
246 _aDoc.Ambedkar aur dalit chetna /
_bby Raghuveer Singh
260 _bकामना प्रकाशन
_c2000
_aदिल्ली
270 _aसी-19, डी.डी.ए, फ्लैट्स, ईस्ट ऑफ़ लोनी रोड
_bदिल्ली
_e110093
300 _a151पृ.
_c20सेमी(सजिल्द)
650 _aदलित -- भारतीय इतिहास
_982899
650 _aदलित चेतना -- ग्रामीण जीवन
_982900
650 _aDalit - Indian History
_982901
650 _aDalit consciousness - Rural Life
_982902
942 _2ddc
_cHN
_h305.562
_mरघुवी
999 _c119005
_d119005